Faculty of Law Library — Cairo University

Official Online Catalog

Government and politics in Western Europe : (Record no. 47541)

MARC details
000 -LEADER
fixed length control field 01453cac a2200409 i 4500
003 - CONTROL NUMBER IDENTIFIER
control field EG-GICUC
005 - DATE AND TIME OF LATEST TRANSACTION
control field 20260121101409.0
008 - FIXED-LENGTH DATA ELEMENTS--GENERAL INFORMATION
fixed length control field 891211s1990 enk frb 001 0 eng d
020 ## - INTERNATIONAL STANDARD BOOK NUMBER
International Standard Book Number 0198273363 :
Terms of availability £30.00 ($47.00 U.S.)
020 ## - INTERNATIONAL STANDARD BOOK NUMBER
International Standard Book Number 0198273371 (pbk.) :
Terms of availability £9.95 ($15.50 U.S.)
020 ## - INTERNATIONAL STANDARD BOOK NUMBER
International Standard Book Number 9780198273363
020 ## - INTERNATIONAL STANDARD BOOK NUMBER
International Standard Book Number 9780198273370
035 ## - SYSTEM CONTROL NUMBER
System control number 1983326
040 ## - CATALOGING SOURCE
Original cataloging agency DLC
Transcribing agency DLC
Modifying agency DLC
Description conventions rda
043 ## - GEOGRAPHIC AREA CODE
Geographic area code ew-----
050 00 - LIBRARY OF CONGRESS CALL NUMBER
Classification number JF52
Item number .M36 1990
082 00 - DEWEY DECIMAL CLASSIFICATION NUMBER
Classification number 342.51
Edition number 21
092 04 - LOCALLY ASSIGNED DEWEY CALL NUMBER (OCLC)
Edition number 21
099 ## - LOCAL FREE-TEXT CALL NUMBER (OCLC)
Classification number Law 08 1990
100 1# - MAIN ENTRY--PERSONAL NAME
Personal name Mény, Yves.
245 10 - TITLE STATEMENT
Title Government and politics in Western Europe :
Remainder of title Britain, France, Italy, West Germany /
Statement of responsibility, etc. Yves Mény ; translated by Janet Lloyd.
264 ## - PRODUCTION, PUBLICATION, DISTRIBUTION, MANUFACTURE, AND COPYRIGHT NOTICE
Place of production, publication, distribution, manufacture Oxford [England] ;
-- New York :
Name of producer, publisher, distributor, manufacturer Oxford University Press,
Date of production, publication, distribution, manufacture, or copyright notice 1990.
300 ## - PHYSICAL DESCRIPTION
Extent xiii, 367 page ;
Dimensions 23 cm.
336 ## - CONTENT TYPE
Content type term text
Content type code txt
Source rdacontent
337 ## - MEDIA TYPE
Media type term unmediated
Media type code n
Source rdamedia
338 ## - CARRIER TYPE
Carrier type term volume
Carrier type code nc
Source rdacarrier
440 #0 - SERIES STATEMENT/ADDED ENTRY--TITLE
Title Comparative European politics
500 ## - GENERAL NOTE
General note Adapted translation of: Politique comparée. 1988.
504 ## - BIBLIOGRAPHY, ETC. NOTE
Bibliography, etc. note Includes bibliographical references (p. [351]-356) and index.
650 #0 - SUBJECT ADDED ENTRY--TOPICAL TERM
Topical term or geographic name entry element Comparative government.
651 #0 - SUBJECT ADDED ENTRY--GEOGRAPHIC NAME
Geographic name Europe
General subdivision Politics and government
Chronological subdivision 1945-
830 ## - SERIES ADDED ENTRY--UNIFORM TITLE
Authority record control number or standard number
856 42 - ELECTRONIC LOCATION AND ACCESS
Materials specified Publisher description
Uniform Resource Identifier <a href="http://www.loc.gov/catdir/enhancements/fy0640/89071139-d.html">http://www.loc.gov/catdir/enhancements/fy0640/89071139-d.html</a>
856 42 - ELECTRONIC LOCATION AND ACCESS
Uniform Resource Identifier <a href="https://fll.law.cu.edu.eg/fulltext/bks/ENGB08-00064.pdf">https://fll.law.cu.edu.eg/fulltext/bks/ENGB08-00064.pdf</a>
905 ## - Cataloger and Reviser Names
Cataloger Name: Hend El khosy
942 ## - ADDED ENTRY ELEMENTS (KOHA)
Source of classification or shelving scheme Dewey Decimal Classification
Koha item type Books
Edition 21
Suppress in OPAC No
Holdings
Withdrawn status Lost status Source of classification or shelving scheme Damaged status Not for loan Collection Home library Current library Date acquired Total checkouts Full call number Barcode Date last seen Copy number Price effective from Koha item type Public note
    Dewey Decimal Classification     القانون الدستوري جــــامعة القــاهرة مكتبة كلية الحقوق - فـرع الشيخ زايد 01.12.2025   Law2 08 342.51 ME . G 1990 0800064 C1 ENGB08-00064 01.12.2025 1 01.12.2025 Books 1858

© All rights reserved — Faculty of Law, Cairo University